Sports Quiz

Random Sports or NFL Quiz

NFL AFL & APFA Old & Defunct Logos (w/ Pictures) Quiz Stats

 Plays Quiz not verified by Sporcle

Score 0/25 Timer 10:00
0 Plays Today
Year Team Name w/ Location % Correct
1965New England Patriots
86.4%
1980sHouston Oilers
80.1%
1948Chicago Bears
71.6%
1960Washington Redskins
66.9%
1961Green Bay Packers
63.3%
1952Detroit Lions
59.1%
1960Denver Broncos
57%
1960Dallas Texans
47.9%
1948Baltimore Colts
47.7%
1961New York Giants
42.7%
1960'sAtlanta Falcons
33.8%
1930Chicago Cardinals
32%
1960New York Titans
31.5%
Year Team Name w/ Location % Correct
1923Canton Bulldogs
30.6%
1951San Francisco 49ers
29.1%
1924Dayton Triangles
18.1%
1926Duluth Eskimos
18.1%
1933Pittsburgh Pirates
17%
1927Frankford Yellow Jackets
15.2%
1948Boston Yanks
14.8%
1921Cincinnati Celts
11.6%
1963San Diego Chargers
8.5%
1926Los Angeles Bucaneers
8.3%
1945Brooklyn Tigers
7.4%
1922Providence Steam Roller
7.4%

You're not logged in!

Compare scores with friends on all Sporcle quizzes.
OR
Log In

You Might Also Like...

Show Comments

Extras

Top Quizzes Today


Score Distribution

Your Account Isn't Verified!

In order to create a playlist on Sporcle, you need to verify the email address you used during registration. Go to your Sporcle Settings to finish the process.

Report this User

Report this user for behavior that violates our Community Guidelines.

Details: